Las hadas sueltas /

Las hadas de la lluvia -- Las hadas-araña -- El hada de la A -- Las hadas de las fuentes -- Las hadas que están bien solas -- Hadas de papel -- Hadas de los brazos cruzados -- Las hadas-pajarito -- Para adoptar un hada -- Las hadas de las nubes -- Las hadas sucias de frío -- Hadas de terciopelo -- H...

Descripción completa

Guardado en:
Autor Principal: Pisos, Cecilia.
Otros Autores: Schussheim, Renata; il.
Formato: Libro
Publicado: Buenos Aires : Sudamericana, 2002.
Edición:1a ed.
Series:Pan Flauta. Magenta. Poesía ; 65
Materias:
Etiquetas: Agregar Etiqueta
Sin Etiquetas, Sea el primero en etiquetar este registro!
LEADER 01976nam a22002895a 4500
001 CEM.cems019855
008 221110s2002##################000#0#####d
005 20241114125956.0
245 1 0 |a Las hadas sueltas /  |c Cecilia Pisos; ilustrado por Renata Schussheim. 
250 |a 1a ed. 
260 |a Buenos Aires :  |b Sudamericana,  |c 2002. 
300 |a 64 p. 
490 0 |a Pan Flauta. Magenta. Poesía ;  |v 65 
500 |a Canela seudónimo de Gigliola Zecchin de Duhalde. 
500 |a A partir de 9 años. 
520 |a Las hadas de la lluvia -- Las hadas-araña -- El hada de la A -- Las hadas de las fuentes -- Las hadas que están bien solas -- Hadas de papel -- Hadas de los brazos cruzados -- Las hadas-pajarito -- Para adoptar un hada -- Las hadas de las nubes -- Las hadas sucias de frío -- Hadas de terciopelo -- Hadas de prisa -- El hada de las cacerolas -- Las hadas que entran en los sueños -- Las hadas que salen de los sueños -- Las hadas de los lápices de colores -- Las hadas sin varita -- Las hadas del limonero -- Las hadas viejas -- Las hadas-tijerita -- Camas de hada -- Hadas del ronrón -- El hada de la escalera -- Hadas del fondo de los jarrones -- Las hadas de coronita -- Hada de abajo de la cama -- Las hadas de un ratito -- Hada de crema -- Las hadas con barbita -- Las hadas fugitivas -- Hada del bolsillo -- Hada desesperada -- Hadas de arena -- Trampa para hadas -- El antihada -- Las hadas sueltas -- Las hadas infinitas -- Rayuela de las hadas -- Canción de cuna -- Coplas de hadas -- La ronda de las hadas -- Trabalenguas 
020 |a 978950405912 
100 1 |a Pisos, Cecilia. 
700 1 |a Schussheim, Renata; il. 
082 0 4 |a A861.4 
653 |a Literatura 
653 |a Literatura Argentina 
653 |a Literatura infantil 
653 |a Poesías 
653 |a Poesía infantil 
859 |a CEMS  |b BIB. CEMS - Inicial y Primaria  |h A861.4  |i P676  |k IP  |p 2014  |t Ej.1 
859 |a CEMS  |b BIB. CEMS - Inicial y Primaria  |h A861.4  |i P676  |k IP  |p 3838  |t Ej.2